<?xml version="1.0" encoding="UTF-8"?><?xml-stylesheet type="text/xsl" href="static/style.xsl"?><OAI-PMH xmlns="http://www.openarchives.org/OAI/2.0/" xmlns:xsi="http://www.w3.org/2001/XMLSchema-instance" xsi:schemaLocation="http://www.openarchives.org/OAI/2.0/ http://www.openarchives.org/OAI/2.0/OAI-PMH.xsd"><responseDate>2026-04-17T11:38:12Z</responseDate><request verb="GetRecord" identifier="oai:www.recercat.cat:10230/48279" metadataPrefix="marc">https://recercat.cat/oai/request</request><GetRecord><record><header><identifier>oai:recercat.cat:10230/48279</identifier><datestamp>2025-12-21T20:47:55Z</datestamp><setSpec>com_2072_6</setSpec><setSpec>col_2072_452954</setSpec></header><metadata><record xmlns="http://www.loc.gov/MARC21/slim" xmlns:dcterms="http://purl.org/dc/terms/" xmlns:xsi="http://www.w3.org/2001/XMLSchema-instance" xmlns:doc="http://www.lyncode.com/xoai" xsi:schemaLocation="http://www.loc.gov/MARC21/slim http://www.loc.gov/standards/marcxml/schema/MARC21slim.xsd">
   <leader>00925njm 22002777a 4500</leader>
   <datafield ind2=" " ind1=" " tag="042">
      <subfield code="a">dc</subfield>
   </datafield>
   <datafield ind2=" " ind1=" " tag="720">
      <subfield code="a">Prat Barnadas, Arnald</subfield>
      <subfield code="e">author</subfield>
   </datafield>
   <datafield ind2=" " ind1=" " tag="260">
      <subfield code="c">2021-07-22T13:06:49Z</subfield>
   </datafield>
   <datafield ind2=" " ind1=" " tag="260">
      <subfield code="c">2021-07-22T13:06:49Z</subfield>
   </datafield>
   <datafield ind2=" " ind1=" " tag="260">
      <subfield code="c">2021</subfield>
   </datafield>
   <datafield ind2=" " ind1=" " tag="520">
      <subfield code="a">Treball de Fi de Grau en Ciències Polítiques i de l&amp;apos;Administració. Curs 2020-2021</subfield>
   </datafield>
   <datafield ind2=" " ind1=" " tag="520">
      <subfield code="a">Tutor: Jordi Pascual Saüc</subfield>
   </datafield>
   <datafield ind2=" " ind1=" " tag="520">
      <subfield code="a">La majoria de països que durant segle passat atravessaren un període autoritari, especialment aquells liderats per la figura d’un sol dictador, es dotaren durant la transició a la democràcia o pocs anys després d’un nou ordre constitucional que simbolitzés el trencament amb el model anterior. Una de les excepcions mundials a aquest fenomen és el de Xile, només equiparable, a escala llatinoamericana, al cas panamenc. La lectura política que s’ha fet del país durant les últimes tres dècades, lloant la seva estabilitat política i el creixement econòmic, han obviat que la Constitució del 1980 representa encara una ferida oberta, tant pel seu origen autoritari com pel seu caràcter neoliberal, criticat pels sectors més progressistes.&#xd;
El present estudi pretén oferir un retrat polític i social que serveixi de marc explicatiu dels motius pels quals Xile, a dia d’avui, encara es regeix segons la Carta Magna de Pinochet. A través d’una investigació qualitativa, s’han identificat els principals punts d’inflexió en el debat constitucional entre 1990 i 2019 i s’ha arribat a diverses conclusions sobre la trajectòria política del país.</subfield>
   </datafield>
   <datafield tag="653" ind2=" " ind1=" ">
      <subfield code="a">Treball de fi de grau – Curs 2020-2021</subfield>
   </datafield>
   <datafield tag="653" ind2=" " ind1=" ">
      <subfield code="a">Constitucionalisme</subfield>
   </datafield>
   <datafield tag="653" ind2=" " ind1=" ">
      <subfield code="a">Autoritarisme</subfield>
   </datafield>
   <datafield tag="653" ind2=" " ind1=" ">
      <subfield code="a">Xile – Política i govern – 1988-</subfield>
   </datafield>
   <datafield tag="653" ind2=" " ind1=" ">
      <subfield code="a">Reformes constitucionals (Xile)</subfield>
   </datafield>
   <datafield ind2="0" ind1="0" tag="245">
      <subfield code="a">Una democràcia sota una constitució d&amp;apos;origen autoritari: anàlisi del cas xilè (1990-2019)</subfield>
   </datafield>
</record></metadata></record></GetRecord></OAI-PMH>